Instrumentation in wastewater treatment plants /
Guardado en:
| Autor Corporativo: | |
|---|---|
| Formato: | Libro |
| Idioma: | English |
| Publicado: |
Washington :
Water Pollution Control Federation,
c1978.
|
| Series: | Manual of practice ;
No. 21 |
| Materias: | |
| Etiquetas: |
Agregar Etiqueta
Sin Etiquetas, Sea el primero en etiquetar este registro!
|
| LEADER | 00861nam a22002055a 4500 | ||
|---|---|---|---|
| 001 | EIQ.libpla001342 | ||
| 008 | 060912s1978####dcua#####b####001#0#eng#d | ||
| 005 | 20140220115152.0 | ||
| 245 | 1 | 0 | |a Instrumentation in wastewater treatment plants / |c prepared by Subcommittee on Instrumentation. |
| 260 | |a Washington : |b Water Pollution Control Federation, |c c1978. | ||
| 300 | |a vii, 108 p. : |b il., tablas ; |c 26 cm. | ||
| 440 | 0 | |a Manual of practice ; |v No. 21 | |
| 504 | |a Incluye referencias bibliográficas e índice. | ||
| 650 | 4 | |a Aguas residuales |x Sistemas de control. | |
| 650 | 4 | |a Aguas residuales |x Tipos de control. | |
| 650 | 4 | |a Sewage |x Control Systems. | |
| 650 | 4 | |a Sewage |x Types of control. | |
| 040 | |a AR-BbSID |b spa |c AR-BbSID | ||
| 110 | 2 | |a Water Pollution Control Federation. |b Subcommittee on Instrumentation. | |
| 859 | |a AR-BbSID |b BIB. PLAPIQUI |h 628.168 |i W 291 |p 2846 | ||
